000 00242nam a2200109Ia 4500
008 190216s9999||||xx |||||||||||||| ||und||
100 _aAnanda Moorthy
245 0 _aSamskaram
260 _bShakthi Publication
650 _aNovel
942 _cBK
999 _c25298
_d25298